Encountering globalization: professional groups in an international context /
Se analizan tres grupos de profesionales: ingenieros, médicos y psicólogos, y se exploran las similitudes y diferencias en la demanda laboral internacional en cuatro países: Canadá, Finlandia, Francia y Reino Unido. Se plantea cómo las políticas de estado en estos países buscan promover y controlar...
Gardado en:
| Autor Principal: | |
|---|---|
| Outros autores: | , , , , |
| Formato: | Texto |
| Materias: | |
| Etiquetas: |
Engadir etiqueta
Sen Etiquetas, Sexa o primeiro en etiquetar este rexistro!
|
MARC
| LEADER | 00000 a a2200000 04500 | ||
|---|---|---|---|
| 001 | 4801 | ||
| 003 | |||
| 040 | |||
| 100 | |a Allsop, Judith | ||
| 245 | |a Encountering globalization: |b professional groups in an international context / |c Judith Allsop ; Thomas Le Bianic ; Kathryn Jones ; Sirpa Wrede ; Ivy Lynn Bourgeault ; Julia Evetts | ||
| 520 | |a Se analizan tres grupos de profesionales: ingenieros, médicos y psicólogos, y se exploran las similitudes y diferencias en la demanda laboral internacional en cuatro países: Canadá, Finlandia, Francia y Reino Unido. Se plantea cómo las políticas de estado en estos países buscan promover y controlar la migración y movilidad de estos grupos profesionales. Se concluye que las políticas estatales reflejan los intereses de cada Estado con respecto al flujo migratorio profesional y tienen una gran influencia en los patrones de movilidad de estas profesiones. | ||
| 590 | |a EFU/MARZO2011 | ||
| 650 | |a 1.ANALISIS COMPARATIVO | ||
| 650 | |a 2.INGENIEROS | ||
| 650 | |a 3.MEDICOS | ||
| 650 | |a 4.PSICOLOGOS | ||
| 650 | |a 5.CANADA | ||
| 650 | |a 6.FINLANDIA | ||
| 650 | |a 7.FRANCIA | ||
| 650 | |a 8.REINO UNIDO | ||
| 650 | |a 9.GLOBALIZACION | ||
| 700 | |a Bianic, Thomas Le | ||
| 700 | |a Jones, Kathryn | ||
| 700 | |a Wrede, Sirpa | ||
| 700 | |a Lynn Bourgeault, Ivy | ||
| 700 | |a Evetts, Julia | ||
| 773 | |g volumen 57, número 4; páginas 487-510 | ||
| 999 | |c 36126 |d 36126 | ||
